000 nam a22 7a 4500
999 _c153717
_d153715
005 20200120114516.0
008 910517s1990 sp b 000 0 spa
020 _a842396549X
050 0 4 _aKKT2516
_bS26 1990
100 1 _aSantaolalla López, Fernando.
245 1 0 _aDerecho parlamentario español /
_cFernando Santaolalla.
250 _a1a ed.
260 _aMadrid :
_bEspasa Calpe,
_c1990
300 _a433 p. ;
_c20 cm.
490 0 _aEspasa-universidad ;
_v22
504 _aIncluye bibliografías.
650 4 _aPractica parlamentaria
_zEspaña
650 7 _aCuerpos legislativos
_zEspaña
_2lemb
942 _2lcc
_cLIB